00965 2200301 4500001002100000005001500021035002000036007000300056008004100059020001800100082001100118084001400129084001600143100002500159245008000184250001200264300003900276650004400315650005400359650004600413650005200459264005200511336002100563337003000584338002300614990001300637990001300650INLIS00000000112185020251217041118 a0010-1225000030ta251217 0 ind  a9786231535856 a372.21 aCAUD 0108 aD CAUD 01080 aAnita YusePengarang1 aEvaluasi Pembelajaran Anak Usia Dini :b1-9 / CAUD0108 / 3 SKS /cAnita Yus aEdisi 3 a172 halaman :billustrasi ;c27 cm 4aPendidikan Anak - Evaluasi Pembelajaran 4aPendidikan Anak Usia Dini - Evaluasi Pembelajaran 4aChildhood Education - Learning Evaluation 4aEarly Childhood Education - Learning Evaluation aTangerang Selatan :bUniversitas Terbuka,c2025 2rdacontentaTeks 2rdamediaaTanpa Perantara 2rdacarrieraVolume a25/90104 a25/30104